Useful Approaches for Teaching Intercultural Communication Competence in Tertiary Education

Saved in:
Bibliographic Details
Main Author: Némethová, Ildikó, 1974-
Format: Book Chapter
Language:English
Subjects:
Tags: Add Tag
No Tags, Be the first to tag this record!

MARC

LEADER 00000naa$a2200000$$$4500
001 0200156
005 20240502083508.9
041 0 |a eng 
044 |a AT 
245 1 0 |a Useful Approaches for Teaching Intercultural Communication Competence in Tertiary Education  |c Ildikó Némethová 
610 2 0 |a vzdelávanie vysokoškolské 
610 2 0 |a jazyky cudzie 
610 2 0 |a komunikácia interkultúrna 
100 1 |a Némethová, Ildikó, 1974-